|
|
|
|
| LEADER |
02592nam a22005055i 4500 |
| 001 |
978-94-017-9545-6 |
| 003 |
DE-He213 |
| 005 |
20151204184605.0 |
| 007 |
cr nn 008mamaa |
| 008 |
150311s2015 ne | s |||| 0|eng d |
| 020 |
|
|
|a 9789401795456
|9 978-94-017-9545-6
|
| 024 |
7 |
|
|a 10.1007/978-94-017-9545-6
|2 doi
|
| 040 |
|
|
|d GrThAP
|
| 050 |
|
4 |
|a TD419-428
|
| 072 |
|
7 |
|a TQSW
|2 bicssc
|
| 072 |
|
7 |
|a KNBW
|2 bicssc
|
| 072 |
|
7 |
|a TEC010000
|2 bisacsh
|
| 082 |
0 |
4 |
|a 363.7394
|2 23
|
| 082 |
0 |
4 |
|a 363.73946
|2 23
|
| 245 |
1 |
0 |
|a Wastewater
|h [electronic resource] :
|b Economic Asset in an Urbanizing World /
|c edited by Pay Drechsel, Manzoor Qadir, Dennis Wichelns.
|
| 264 |
|
1 |
|a Dordrecht :
|b Springer Netherlands :
|b Imprint: Springer,
|c 2015.
|
| 300 |
|
|
|a XII, 282 p. 45 illus., 10 illus. in color.
|b online resource.
|
| 336 |
|
|
|a text
|b txt
|2 rdacontent
|
| 337 |
|
|
|a computer
|b c
|2 rdamedia
|
| 338 |
|
|
|a online resource
|b cr
|2 rdacarrier
|
| 347 |
|
|
|a text file
|b PDF
|2 rda
|
| 505 |
0 |
|
|a Part I. Introduction and background -- Part II. Socio-economics of wastewater use -- Part III. Costs and benefits -- Part IV. Thinking business -- Part V. Outlook. .
|
| 520 |
|
|
|a The books provides a timely analysis in support of a paradigm shift in the field of wastewater management, from ‘treatment for disposal’ to ‘treatment for reuse’ by offering a variety of value propositions for water, nutrient and energy recovery which can support cost savings, cost recovery, and profits, in a sector that traditionally relies on public funding. The book provides new insights into the economics of wastewater use, applicable to developed and developing countries striving to transform wastewater from an unpleasant liability to a valuable asset and recasting urbanization from a daunting challenge into a resource recovery opportunity.
|
| 650 |
|
0 |
|a Environment.
|
| 650 |
|
0 |
|a Environmental health.
|
| 650 |
|
0 |
|a Water pollution.
|
| 650 |
|
0 |
|a Environmental economics.
|
| 650 |
1 |
4 |
|a Environment.
|
| 650 |
2 |
4 |
|a Waste Water Technology / Water Pollution Control / Water Management / Aquatic Pollution.
|
| 650 |
2 |
4 |
|a Environmental Health.
|
| 650 |
2 |
4 |
|a Environmental Economics.
|
| 700 |
1 |
|
|a Drechsel, Pay.
|e editor.
|
| 700 |
1 |
|
|a Qadir, Manzoor.
|e editor.
|
| 700 |
1 |
|
|a Wichelns, Dennis.
|e editor.
|
| 710 |
2 |
|
|a SpringerLink (Online service)
|
| 773 |
0 |
|
|t Springer eBooks
|
| 776 |
0 |
8 |
|i Printed edition:
|z 9789401795449
|
| 856 |
4 |
0 |
|u http://dx.doi.org/10.1007/978-94-017-9545-6
|z Full Text via HEAL-Link
|
| 912 |
|
|
|a ZDB-2-EES
|
| 950 |
|
|
|a Earth and Environmental Science (Springer-11646)
|